[Event "Florianopolis op 6th"]
[Site "Florianopolis"]
[Date "2020.01.23"]
[Round "5"]
[White "Da Silva, Juliano Roberto Ner"]
[Black "Neitzel, Jonatan"]
[Result "1-0"]
[WhiteElo "1927"]
[BlackElo "1619"]
[PlyCount "89"]
[EventDate "2020.01.20"]
[EventType "swiss"]
[EventRounds "10"]
[EventCountry "BRA"]
[SourceTitle "CBM 194 Extra"]
[Source "ChessBase"]
[SourceDate "2020.03.31"]
[SourceVersion "1"]
[SourceVersionDate "2020.03.31"]
[SourceQuality "1"]

1. d4 Nf6 2. c4 e6 3. Nc3 Bb4 4. Qc2 Nc6 5. Nf3 d5 6. Bg5 h6 7. Bh4 g5 8. Bg3 Ne4 9. e3 a5 10. Bd3 f5 11. Ne5 Bxc3+ 12. bxc3 Nxg3 13. Nxc6 bxc6 14. hxg3 a4 15. Rb1 Ba6 16. Qxa4 Kd7 17. cxd5 Bxd3 18. Qxc6+ Ke7 19. Rb7 Rc8 20. Qxe6+ Kf8 21. Rxh6 Rxh6 22. Qxh6+ Kf7 23. d6 Kg8 24. Qe6+ Kf8 25. f3 f4 26. Qh6+ Ke8 27. gxf4 Qxd6 28. Qxg5 Qa6 29. Qe5+ Kd8 30. Qd5+ Ke8 31. Kf2 Bc4 32. Qe4+ Kd8 33. Rb2 Kd7 34. g4 Qh6 35. Qf5+ Be6 36. Qb5+ c6 37. Qh5 Qxh5 38. gxh5 Rh8 39. e4 Rxh5 40. Ke3 Ra5 41. f5 Bxa2 42. Kf4 Bc4 43. Rb7+ Kc8 44. Rb4 Bf7 45. e5 1-0

[Event "Florianopolis op 6th"]
[Site "Florianopolis"]
[Date "2020.01.21"]
[Round "2"]
[White "Eger, Laura Luisa"]
[Black "Da Silva, Juliano Roberto Ner"]
[Result "0-1"]
[WhiteElo "1656"]
[BlackElo "1927"]
[PlyCount "166"]
[EventDate "2020.01.20"]
[EventType "swiss"]
[EventRounds "10"]
[EventCountry "BRA"]
[SourceTitle "CBM 194 Extra"]
[Source "ChessBase"]
[SourceDate "2020.03.31"]
[SourceVersion "1"]
[SourceVersionDate "2020.03.31"]
[SourceQuality "1"]

1. e4 e6 2. d4 d5 3. Bd3 Nf6 4. e5 Nfd7 5. f4 c5 6. c3 Nc6 7. Nf3 Qb6 8. Bc2 cxd4 9. cxd4 Be7 10. Nc3 a6 11. 0-0 f5 12. Kh1 0-0 13. a3 a5 14. Rb1 Kh8 15. Be3 Qd8 16. Qe1 Nb6 17. Rd1 Bd7 18. Qg3 Rc8 19. Rg1 Qe8 20. Qh3 Nc4 21. Bc1 Qf7 22. g4 g6 23. Rg2 Rg8 24. Rdg1 Na7 25. gxf5 gxf5 26. Ng5 Bxg5 27. fxg5 Rg6 28. Bd1 Be8 29. Bh5 Qd7 30. Bxg6 Bxg6 31. Ne2 Nc6 32. Nf4 Rg8 33. Qd3 b5 34. b3 Ne7 35. bxc4 dxc4 36. Qd1 Be8 37. h4 Ng6 38. Nxg6+ hxg6 39. Kh2 Kg7 40. Qd2 Rh8 41. Kg3 Qd5 42. Re2 Bc6 43. Rf1 Rb8 44. Qxa5 Qxd4 45. Qc7+ Bd7 46. Rf4 Qg1+ 47. Rg2 Qxc1 48. Qxb8 Qe3+ 49. Rf3 f4+ 50. Kg4 Qe4 51. Rff2 Qf5+ 52. Kf3 Bc6+ 53. Ke2 f3+ 54. Kd2 Qd3+ 55. Kc1 Qxa3+ 56. Kd1 Qd3+ 57. Kc1 Qe3+ 58. Kc2 Be4+ 59. Kd1 Qd3+ 60. Kc1 Qc3+ 61. Kd1 Qb3+ 62. Kd2 Qd3+ 63. Kc1 Qa3+ 64. Kd2 c3+ 65. Ke3 c2+ 66. Kxe4 c1Q 67. Qb7+ Kg8 68. Qb8+ Qf8 69. Qxf8+ Kxf8 70. Rxf3+ Ke7 71. Rgf2 Qc4+ 72. Ke3 Qxh4 73. Rf7+ Ke8 74. Rf8+ Kd7 75. R2f7+ Kc6 76. Rc8+ Kb6 77. Rfc7 Qxg5+ 78. Kf3 Qf5+ 79. Kg2 Qxe5 80. Rc6+ Kb7 81. Rc5 Qe4+ 82. Kg3 Kb6 83. Rc1 b4 0-1

[Event "Florianopolis op 6th"]
[Site "Florianopolis"]
[Date "2020.01.20"]
[Round "1"]
[White "Da Silva, Juliano Roberto Ner"]
[Black "De Borba, Guilherme"]
[Result "0-1"]
[WhiteElo "1927"]
[BlackElo "2263"]
[PlyCount "86"]
[EventDate "2020.01.20"]
[EventType "swiss"]
[EventRounds "10"]
[EventCountry "BRA"]
[SourceTitle "CBM 194 Extra"]
[Source "ChessBase"]
[SourceDate "2020.03.31"]
[SourceVersion "1"]
[SourceVersionDate "2020.03.31"]
[SourceQuality "1"]

1. d4 Nf6 2. c4 e6 3. Nc3 Bb4 4. Qc2 b6 5. e4 c5 6. d5 Qe7 7. Be2 exd5 8. exd5 Qe4 9. Qxe4+ Nxe4 10. Bd2 Bxc3 11. Bxc3 Nxc3 12. bxc3 0-0 13. Kd2 d6 14. Bd3 Bg4 15. h3 Bh5 16. g4 Bg6 17. a4 Nd7 18. f4 Bxd3 19. Kxd3 f5 20. g5 Rae8 21. Ne2 Re4 22. h4 Rfe8 23. Rh2 R8e7 24. Rf1 Re3+ 25. Kd2 Kf7 26. Rg1 Rf3 27. Rhg2 Ke8 28. Rh1 Kd8 29. h5 Re4 30. h6 g6 31. a5 bxa5 32. Rg3 Rxe2+ 33. Kxe2 Rxg3 34. Ra1 Rxc3 35. Rxa5 Rxc4 36. Kf3 Rd4 37. Rxa7 Rxd5 38. Ra8+ Ke7 39. Rg8 Nf8 40. Rg7+ Ke8 41. Rc7 Rd4 42. Ke3 Re4+ 43. Kf3 Rxf4+ 0-1

[Event "Parana-ch"]
[Site "Maringa"]
[Date "2019.12.14"]
[Round "6"]
[White "Lukachewski Junior, Wanderlei"]
[Black "Da Silva, Juliano Roberto Ner"]
[Result "1-0"]
[WhiteElo "2035"]
[BlackElo "1930"]
[PlyCount "44"]
[EventDate "2019.12.12"]
[EventType "swiss"]
[EventRounds "7"]
[EventCountry "BRA"]
[SourceTitle "CBM 193 Extra"]
[Source "ChessBase"]
[SourceDate "2020.01.31"]
[SourceVersion "1"]
[SourceVersionDate "2020.01.31"]
[SourceQuality "1"]

1. d4 Nf6 2. c4 e6 3. g3 Be7 4. Bg2 d5 5. Nf3 0-0 6. 0-0 Nbd7 7. Qc2 c6 8. b3 Ne4 9. Nc3 f5 10. Bb2 Ndf6 11. Rad1 Bd7 12. Ne5 Be8 13. Nb1 Nd7 14. Nd3 Bd6 15. f3 Nef6 16. Nd2 g6 17. Qc3 Bc7 18. Rde1 Nh5 19. e4 fxe4 20. fxe4 Rxf1+ 21. Kxf1 h6 22. Nc5 Nxc5 1-0

[Event "Sao Paulo op-B U2050 8th"]
[Site "Sao Paulo"]
[Date "2019.10.19"]
[Round "3"]
[White "Borges, Leonardo Hisao Hera"]
[Black "Da Silva, Juliano Roberto Ner"]
[Result "0-1"]
[WhiteElo "1771"]
[BlackElo "1869"]
[PlyCount "76"]
[EventDate "2019.10.17"]
[EventType "swiss"]
[EventRounds "6"]
[EventCountry "BRA"]
[SourceTitle "CBM 192 Extra"]
[Source "Chessbase"]
[SourceDate "2019.11.06"]
[SourceVersion "1"]
[SourceVersionDate "2019.11.06"]
[SourceQuality "1"]

1. c4 e5 2. e3 Nc6 3. a3 a5 4. Nc3 Bc5 5. Rb1 d6 6. d3 Nf6 7. Nf3 0-0 8. Be2 h6 9. 0-0 Bf5 10. Na4 Ba7 11. b4 axb4 12. axb4 Ne7 13. Bb2 Qd7 14. Nc3 c6 15. Rc1 Rfe8 16. c5 dxc5 17. bxc5 Ng6 18. e4 Bg4 19. Nb1 Rad8 20. Ne1 Nf4 21. Bxg4 Qxg4 22. f3 Qd7 23. d4 exd4 24. Nd3 Bb8 25. Na3 N6h5 26. g3 Nxd3 27. Qxd3 Qh3 28. Qe2 Nxg3 29. hxg3 Qxg3+ 30. Qg2 Qf4 31. Rcd1 Re5 32. Bc1 Qh4 33. Nc2 Re6 34. Rxd4 Rg6 35. Rxd8+ Qxd8 36. Ne3 Rxg2+ 37. Kxg2 Qg5+ 38. Kf2 Bf4 0-1

[Event "Florianopolis Winter op 5th"]
[Site "Florianopolis"]
[Date "2019.08.31"]
[Round "4"]
[White "Almeida Junior, Alvaro Alves de"]
[Black "Da Silva, Juliano Roberto Ner"]
[Result "1-0"]
[WhiteElo "2097"]
[BlackElo "1866"]
[PlyCount "125"]
[EventDate "2019.08.30"]
[EventType "swiss"]
[EventRounds "7"]
[EventCountry "BRA"]
[SourceTitle "EXT 2020"]
[Source "ChessBase"]
[SourceDate "2019.10.17"]
[SourceVersion "1"]
[SourceVersionDate "2019.10.17"]
[SourceQuality "1"]

1. d4 Nf6 2. c4 e6 3. Nc3 d5 4. cxd5 exd5 5. Bg5 c6 6. Qc2 Be7 7. Nf3 0-0 8. e3 Nbd7 9. Bd3 h6 10. Bh4 Re8 11. 0-0 Ne4 12. Bxe4 Bxh4 13. Bh7+ Kh8 14. Bf5 Bf6 15. b4 Nb6 16. b5 Bxf5 17. Qxf5 Nc4 18. bxc6 bxc6 19. Na4 g6 20. Qc2 Qa5 21. Rfd1 Rab8 22. Nd2 Rb4 23. Nc5 Qb5 24. a4 Qa5 25. Nd3 Reb8 26. Nxb4 Rxb4 27. Nxc4 Rxc4 28. Qa2 c5 29. Rac1 Rxc1 30. Rxc1 cxd4 31. exd4 Bxd4 32. Rd1 Bb6 33. g3 Qc5 34. Rxd5 Qc1+ 35. Kg2 Qc6 36. a5 Bd4 37. Qb3 Kg7 38. Qf3 Bc3 39. a6 Bf6 40. Qd3 Bd8 41. Qb5 Qf6 42. Rd2 Bc7 43. Re2 Kh7 44. Re3 Kg7 45. Qc4 Bb6 46. Rf3 Qe7 47. Qc3+ Kg8 48. Qf6 Qe8 49. h4 h5 50. Kh2 Qd7 51. Rc3 Bd8 52. Qc6 Qd2 53. Rf3 Qe2 54. Qa8 Kg7 55. Kg2 Bb6 56. Qd5 Qe7 57. Rb3 Qf6 58. Qf3 Qd6 59. Rd3 Qc5 60. Rd7 Qc4 61. Qd5 Qxd5+ 62. Rxd5 Kf6 63. Rd6+ 1-0

[Event "Florianopolis Winter op 5th"]
[Site "Florianopolis"]
[Date "2019.08.30"]
[Round "1"]
[White "Da Silva, Juliano Roberto Ner"]
[Black "Novello, Juliana Brasil"]
[Result "1-0"]
[WhiteElo "1866"]
[BlackElo "1160"]
[PlyCount "91"]
[EventDate "2019.08.30"]
[EventType "swiss"]
[EventRounds "7"]
[EventCountry "BRA"]
[SourceTitle "EXT 2020"]
[Source "ChessBase"]
[SourceDate "2019.10.17"]
[SourceVersion "1"]
[SourceVersionDate "2019.10.17"]
[SourceQuality "1"]

1. d4 d5 2. c4 e6 3. Nf3 Nf6 4. Bg5 Be7 5. Nc3 0-0 6. e3 h6 7. Bf4 Nbd7 8. h3 b6 9. Bd3 Bb7 10. 0-0 c5 11. Qe2 Rc8 12. cxd5 Nxd5 13. Nxd5 Bxd5 14. Ba6 Ra8 15. e4 Bc6 16. d5 exd5 17. exd5 Bxd5 18. Rfd1 Nf6 19. Bb7 a6 20. Bxa8 Qxa8 21. Qxe7 Bxf3 22. gxf3 Qxf3 23. Rd8 Rxd8 24. Qxd8+ Kh7 25. Bg3 Ne4 26. Qc7 Nxg3 27. Qxg3 Qxg3+ 28. fxg3 g5 29. Rd1 b5 30. Rd6 b4 31. g4 a5 32. Kf2 a4 33. Ke3 c4 34. Kd4 b3 35. a3 Kg7 36. Kxc4 f6 37. Kd5 Kg6 38. Ke4 h5 39. Ra6 hxg4 40. hxg4 Kf7 41. Kf5 Kg7 42. Rxf6 Kh7 43. Rg6 Kh8 44. Kf6 Kh7 45. Rxg5 Kh6 46. Rh5# 1-0

[Event "Florianopolis Winter op 5th"]
[Site "Florianopolis"]
[Date "2019.08.30"]
[Round "2"]
[White "De Oliveira, Gustavo Alfredo Bue"]
[Black "Da Silva, Juliano Roberto Ner"]
[Result "1-0"]
[WhiteElo "2089"]
[BlackElo "1866"]
[PlyCount "36"]
[EventDate "2019.08.30"]
[EventType "swiss"]
[EventRounds "7"]
[EventCountry "BRA"]
[SourceTitle "EXT 2020"]
[Source "ChessBase"]
[SourceDate "2019.10.17"]
[SourceVersion "1"]
[SourceVersionDate "2019.10.17"]
[SourceQuality "1"]

1. d4 Nf6 2. Nf3 e6 3. g3 b6 4. Bg2 Bb7 5. 0-0 Be7 6. c4 0-0 7. Nc3 d5 8. Ne5 c6 9. e4 dxc4 10. a4 c5 11. d5 exd5 12. exd5 Bd6 13. Nxc4 a6 14. Bg5 Re8 15. Bxf6 Qxf6 16. Qh5 Bf8 17. Rfe1 Nd7 18. Rxe8 Rxe8 1-0

[Event "BRA-ch Amateur U2000"]
[Site "Sao Paulo"]
[Date "2019.06.22"]
[Round "5"]
[White "Da Silva, Juliano Roberto Ner"]
[Black "Correa, Joao Pedro Vieira"]
[Result "1-0"]
[WhiteElo "1848"]
[BlackElo "1591"]
[PlyCount "101"]
[EventDate "2019.06.20"]
[EventType "swiss"]
[EventRounds "7"]
[EventCountry "BRA"]
[SourceTitle "EXT 2020"]
[Source "ChessBase"]
[SourceDate "2019.10.17"]
[SourceVersion "1"]
[SourceVersionDate "2019.10.17"]
[SourceQuality "1"]

1. d4 Nf6 2. c4 e6 3. Nf3 b6 4. Bg5 d5 5. e3 Be7 6. Nc3 Bb7 7. Be2 0-0 8. 0-0 Nbd7 9. cxd5 Nxd5 10. Bxe7 Qxe7 11. Rc1 Rac8 12. Qa4 a5 13. Bb5 Nb8 14. Ne5 Rfd8 15. Nc6 Bxc6 16. Bxc6 Nxc6 17. Nxd5 Rxd5 18. Qxc6 Qd8 19. f4 Rd6 20. Qe4 f5 21. Qb7 c6 22. Rc3 Rd7 23. Qa6 Ra8 24. Qc4 Rd6 25. Rfc1 Rc8 26. Qa4 b5 27. Qxb5 cxb5 28. Rxc8 Qxc8 29. Rxc8+ Kf7 30. Kf2 h6 31. Ke2 g5 32. g3 g4 33. Ra8 a4 34. Rb8 Rd5 35. Kd2 Kf6 36. Kc3 Rd7 37. Rxb5 h5 38. Ra5 h4 39. Rxa4 hxg3 40. hxg3 Rh7 41. b4 Rh3 42. b5 Rxg3 43. b6 Rxe3+ 44. Kd2 Rh3 45. b7 Rh2+ 46. Kc3 g3 47. b8Q g2 48. Qf8+ Kg6 49. Qg8+ Kf6 50. Ra7 Rh3+ 51. Kc4 1-0

[Event "Florianopolis Winter Amateur op"]
[Site "Florianopolis"]
[Date "2017.08.12"]
[Round "4"]
[White "Santana Freitas, Maria Eduarda"]
[Black "Da Silva, Juliano Roberto Ner"]
[Result "0-1"]
[WhiteElo "1444"]
[BlackElo "1839"]
[PlyCount "74"]
[EventDate "2017.08.11"]
[EventType "swiss"]
[EventRounds "7"]
[EventCountry "BRA"]
[SourceTitle "CBM 180 Extra"]
[Source "ChessBase"]
[SourceDate "2017.10.06"]
[SourceVersion "1"]
[SourceVersionDate "2017.10.06"]
[SourceQuality "1"]

1. e4 e6 2. d4 d5 3. Nc3 Nf6 4. e5 Nfd7 5. f4 c5 6. Nf3 Nc6 7. Be3 Qb6 8. Rb1 cxd4 9. Nxd4 Bc5 10. Nce2 0-0 11. c3 Nxd4 12. Nxd4 f6 13. b4 Bxd4 14. Bxd4 Qc7 15. Qg4 Nxe5 16. fxe5 fxe5 17. Qg3 Rf4 18. Bf2 Bd7 19. Be2 Re4 20. Qd3 a6 21. Rb2 Bb5 22. Qh3 Qc4 23. 0-0 Rxe2 24. Qxe6+ Kh8 25. Rxe2 Qxe2 26. Re1 Qc4 27. Qxe5 Rf8 28. Qe7 Qf4 29. Qc5 h6 30. h3 Rf6 31. Be3 Qf5 32. Qd4 Rg6 33. Qh4 Bd3 34. Qd8+ Kh7 35. Qh4 Be4 36. g4 Qf3 37. Qf2 Qh1# 0-1

[Event "Parana-ch"]
[Site "Pirai do Sul"]
[Date "2017.02.04"]
[Round "7"]
[White "Da Silva, Juliano Roberto Ner"]
[Black "Nunes, Sidney Jr"]
[Result "1-0"]
[WhiteElo "1806"]
[BlackElo "2077"]
[PlyCount "103"]
[EventDate "2017.02.01"]
[EventType "swiss"]
[EventRounds "8"]
[EventCountry "BRA"]
[SourceTitle "CBM 176 Extra"]
[Source "ChessBase"]
[SourceDate "2017.03.02"]
[SourceVersion "1"]
[SourceVersionDate "2017.03.02"]
[SourceQuality "1"]

1. d4 d5 2. c4 e6 3. Nc3 f5 4. Nf3 c6 5. Bf4 Nf6 6. e3 Nbd7 7. Bd3 Ne4 8. h3 Ndf6 9. 0-0 Be7 10. Ne5 0-0 11. f3 Nxc3 12. bxc3 dxc4 13. Bxc4 Nd5 14. Qd2 Kh8 15. Bh2 Bg5 16. Rfe1 Nb6 17. Bb3 Qe7 18. Qd3 Bd7 19. e4 f4 20. Rad1 Rad8 21. a4 Bc8 22. a5 Nd7 23. Nxd7 Bxd7 24. c4 e5 25. d5 Qc5+ 26. Kh1 Bh4 27. Re2 cxd5 28. cxd5 a6 29. Ra1 Bb5 30. Rc2 Qa7 31. Qc3 Bf2 32. Bg1 Bxg1 33. Rxg1 Rfe8 34. Rgc1 Rd7 35. Qc5 Qb8 36. Qb4 Qd8 37. Ba4 Bxa4 38. Qxa4 Qe7 39. Rc5 h5 40. Qc2 g5 41. Rc7 Red8 42. Rxd7 Rxd7 43. Qc5 Qg7 44. Qc8+ Kh7 45. Qe8 Rf7 46. d6 g4 47. d7 gxf3 48. gxf3 Qg3 49. Qxf7+ Kh6 50. Qf6+ Kh7 51. Qf5+ Kh6 52. Rf1 1-0

[Event "Parana-ch"]
[Site "Pirai do Sul"]
[Date "2017.02.03"]
[Round "5"]
[White "Da Silva, Juliano Roberto Ner"]
[Black "Salvadego, Matheus Henrique De"]
[Result "1-0"]
[WhiteElo "1806"]
[BlackElo "1290"]
[PlyCount "81"]
[EventDate "2017.02.01"]
[EventType "swiss"]
[EventRounds "8"]
[EventCountry "BRA"]
[SourceTitle "CBM 176 Extra"]
[Source "ChessBase"]
[SourceDate "2017.03.02"]
[SourceVersion "1"]
[SourceVersionDate "2017.03.02"]
[SourceQuality "1"]

1. d4 Nf6 2. c4 g6 3. Nc3 Bg7 4. Nf3 0-0 5. Bg5 d6 6. e3 Bf5 7. Be2 Nbd7 8. h3 h6 9. Bf4 Ne4 10. Qb3 a5 11. g4 Nxc3 12. bxc3 Be4 13. 0-0 e5 14. Bg3 Kh8 15. Nd2 Bc6 16. Qc2 Nb6 17. f4 Qe7 18. d5 Bd7 19. e4 exf4 20. Bxf4 Qh4 21. Kg2 Na4 22. Nf3 Qe7 23. Bd2 f5 24. Bd3 fxg4 25. hxg4 Nc5 26. g5 Ba4 27. Qb1 h5 28. Nh4 Be8 29. Bc2 Rxf1 30. Qxf1 Qe5 31. Re1 Kh7 32. Nf3 Qe7 33. e5 Bxe5 34. Qe2 Nd7 35. Nxe5 Nxe5 36. Qxh5+ Kg7 37. Qh6+ Kg8 38. Be3 Qd7 39. Bd1 Nxc4 40. Bd4 Qh7 41. Re7 1-0

[Event "Parana-ch"]
[Site "Pirai do Sul"]
[Date "2017.02.02"]
[Round "2"]
[White "Acosta, Pablo Alejandro"]
[Black "Da Silva, Juliano Roberto Ner"]
[Result "0-1"]
[WhiteElo "2046"]
[BlackElo "1806"]
[PlyCount "97"]
[EventDate "2017.02.01"]
[EventType "swiss"]
[EventRounds "8"]
[EventCountry "BRA"]
[SourceTitle "CBM 176 Extra"]
[Source "ChessBase"]
[SourceDate "2017.03.02"]
[SourceVersion "1"]
[SourceVersionDate "2017.03.02"]
[SourceQuality "1"]

1. e4 e6 2. d3 d5 3. Nd2 Nf6 4. Ngf3 Be7 5. g3 b6 6. Bg2 Bb7 7. 0-0 0-0 8. e5 Nfd7 9. Re1 c5 10. Nf1 Nc6 11. h4 Qc7 12. Bf4 a5 13. N1h2 Ba6 14. Ng4 Kh8 15. Ng5 Bxg5 16. hxg5 Rae8 17. c3 Qd8 18. a3 Ne7 19. Qd2 Ng6 20. Rad1 Nxf4 21. Qxf4 f6 22. exf6 gxf6 23. Qd6 Qe7 24. Qxe7 Rxe7 25. Bxd5 fxg5 26. Rxe6 Rxe6 27. Bxe6 Nf6 28. d4 Be2 29. Rd2 Bxg4 30. Bxg4 Nxg4 31. dxc5 bxc5 32. Rd5 h6 33. Rxc5 Rxf2 34. b4 axb4 35. cxb4 Rf3 36. Kg2 Rxa3 37. Rc7 Rb3 38. Rb7 Nf6 39. Kh3 Nd5 40. Rb5 Rd3 41. Kg4 Kg7 42. Rb7+ Kg6 43. b5 h5+ 44. Kh3 h4 45. b6 Rxg3+ 46. Kh2 Rb3 47. Rd7 Nxb6 48. Rd2 Nc4 49. Rc2 0-1

[Event "BRA-ch U26"]
[Site "Cuiaba"]
[Date "2016.11.06"]
[Round "6"]
[White "De Oliveira, Fabricio Alves"]
[Black "Da Silva, Juliano Roberto Ner"]
[Result "0-1"]
[WhiteElo "1800"]
[BlackElo "1797"]
[PlyCount "86"]
[EventDate "2016.11.03"]
[EventType "swiss"]
[EventRounds "7"]
[EventCountry "BRA"]
[SourceTitle "CBM 175 Extra"]
[Source "ChessBase"]
[SourceDate "2016.12.12"]
[SourceVersion "1"]
[SourceVersionDate "2016.12.12"]
[SourceQuality "1"]

1. d4 Nf6 2. Bf4 d5 3. Nf3 e6 4. e3 Bd6 5. Bg3 0-0 6. Ne5 c5 7. c3 Qb6 8. Qb3 Qc7 9. Nd2 b6 10. Qd1 Ba6 11. Bxa6 Nxa6 12. 0-0 Nb8 13. h3 Nbd7 14. Nxd7 Nxd7 15. Bxd6 Qxd6 16. Nf3 c4 17. Qe2 f5 18. b3 b5 19. bxc4 bxc4 20. Rab1 Rab8 21. Qc2 Rb6 22. Qa4 Rfb8 23. Rxb6 axb6 24. Rb1 h6 25. Qb5 Kf8 26. a3 Ra8 27. a4 Ke7 28. Ne5 Nxe5 29. dxe5 Qxe5 30. Qxb6 Rxa4 31. Qc5+ Kf7 32. Rb7+ Kg6 33. f4 Qxc3 34. Qc7 Qxe3+ 35. Kh2 Qc3 36. Qf7+ Kh7 37. Qxe6 Ra8 38. Qxf5+ Kh8 39. Qxd5 Rf8 40. Qd6 Rf6 41. Qc7 Rg6 42. Qc8+ Kh7 43. Qf5 Qg3+ 0-1

[Event "BRA-ch U26"]
[Site "Cuiaba"]
[Date "2016.11.05"]
[Round "4"]
[White "Da Silva, Juliano Roberto Ner"]
[Black "Rocha, Vitor Firmo de Souz"]
[Result "0-1"]
[WhiteElo "1797"]
[BlackElo "2134"]
[PlyCount "81"]
[EventDate "2016.11.03"]
[EventType "swiss"]
[EventRounds "7"]
[EventCountry "BRA"]
[SourceTitle "CBM 175 Extra"]
[Source "ChessBase"]
[SourceDate "2016.12.12"]
[SourceVersion "1"]
[SourceVersionDate "2016.12.12"]
[SourceQuality "1"]

1. d4 d5 2. c4 e6 3. Nf3 c6 4. Nc3 dxc4 5. a4 Bb4 6. Bf4 Nf6 7. Qc2 b5 8. axb5 cxb5 9. Bxb8 Rxb8 10. Rxa7 Bb7 11. e3 Ba5 12. Bxc4 Bxc3+ 13. bxc3 bxc4 14. Nd2 0-0 15. 0-0 Bc6 16. f3 Nd5 17. Re1 Bb5 18. Ra2 Re8 19. g3 e5 20. dxe5 Rxe5 21. e4 Qb6+ 22. Kh1 f5 23. Rb2 Qc5 24. Reb1 Nc7 25. Qc1 Rd8 26. Qf1 Rd3 27. Rc1 Re8 28. Kg2 Qe3 29. Qf2 Red8 30. Qxe3 Rxe3 31. Kf2 Rdd3 32. Rcb1 Rxc3 33. exf5 Red3 34. f4 Ra3 35. Ne4 c3 36. Rc2 h6 37. Rbc1 Nd5 38. Rb1 Ba4 39. Rb8+ Kh7 40. Re2 c2 41. Nd6 0-1

[Event "BRA-ch U26"]
[Site "Cuiaba"]
[Date "2016.11.05"]
[Round "5"]
[White "Santos, Aldair Batista"]
[Black "Da Silva, Juliano Roberto Ner"]
[Result "1-0"]
[WhiteElo "1863"]
[BlackElo "1797"]
[PlyCount "97"]
[EventDate "2016.11.03"]
[EventType "swiss"]
[EventRounds "7"]
[EventCountry "BRA"]
[SourceTitle "CBM 175 Extra"]
[Source "ChessBase"]
[SourceDate "2016.12.12"]
[SourceVersion "1"]
[SourceVersionDate "2016.12.12"]
[SourceQuality "1"]

1. e4 e6 2. d4 d5 3. e5 c5 4. c3 Nc6 5. Nf3 Qb6 6. Bd3 Bd7 7. Bc2 Rc8 8. a3 cxd4 9. cxd4 a5 10. Nc3 g6 11. 0-0 Nh6 12. Rb1 Bg7 13. Na4 Qa7 14. Nc5 b6 15. Nxd7 Qxd7 16. Ba4 0-0 17. Bg5 Qb7 18. Qd3 Rc7 19. Rbc1 Rfc8 20. Qb5 Nf5 21. Qd3 h6 22. Bd2 Kh7 23. Bb5 Nb8 24. Rxc7 Rxc7 25. g4 Ne7 26. Be8 Kg8 27. Qb5 Kf8 28. Rc1 Rxc1+ 29. Bxc1 Qc8 30. Bd2 Qxe8 31. Qxb6 Nbc6 32. Bxa5 Qb8 33. b4 Qxb6 34. Bxb6 Nc8 35. Bc5+ Ke8 36. g5 h5 37. b5 Na5 38. Nd2 Bf8 39. b6 Be7 40. Nb3 Nb7 41. a4 Kd7 42. a5 Bxc5 43. dxc5 Nxb6 44. axb6 Kc6 45. Kf1 Kb5 46. Ke2 Nd8 47. Kd3 Kb4 48. b7 Nc6 49. Nd4 1-0

[Event "BRA-ch U26"]
[Site "Cuiaba"]
[Date "2016.11.03"]
[Round "1"]
[White "Goncalves, Ivan Mesquita V"]
[Black "Da Silva, Juliano Roberto Ner"]
[Result "1-0"]
[WhiteElo "2208"]
[BlackElo "1797"]
[PlyCount "103"]
[EventDate "2016.11.03"]
[EventType "swiss"]
[EventRounds "7"]
[EventCountry "BRA"]
[SourceTitle "CBM 175 Extra"]
[Source "ChessBase"]
[SourceDate "2016.12.12"]
[SourceVersion "1"]
[SourceVersionDate "2016.12.12"]
[SourceQuality "1"]

1. d4 Nf6 2. Nf3 d5 3. c4 e6 4. g3 Nbd7 5. Nbd2 b6 6. Bg2 Bb7 7. cxd5 Bxd5 8. 0-0 Be7 9. Qc2 0-0 10. Rd1 Qc8 11. e4 Bb7 12. e5 Nd5 13. Nc4 Nb4 14. Qe2 c5 15. a3 Nd5 16. Bg5 Ba6 17. Bxe7 Nxe7 18. Ng5 Bxc4 19. Qc2 Ng6 20. Bxa8 Qxa8 21. Qxc4 cxd4 22. f4 Rc8 23. Qxd4 Nc5 24. Rac1 h6 25. Ne4 Ne7 26. Nxc5 bxc5 27. Rxc5 Nd5 28. b4 Qb7 29. f5 Rd8 30. Qg4 Re8 31. Qf3 Kh8 32. fxe6 fxe6 33. Rf1 Qb8 34. Qe4 Qb7 35. Rf3 Qd7 36. Rc2 Ne7 37. Rcf2 Nf5 38. g4 Ne7 39. Kg2 Kg8 40. h4 Qd8 41. b5 Qc7 42. Rf7 Qd7 43. Qf3 Qd8 44. Qe4 Qd7 45. h5 Qd8 46. R7f3 Qd7 47. Rf4 Qc7 48. Qf3 Qb8 49. Re4 Nd5 50. g5 hxg5 51. Qf7+ Kh8 52. h6 1-0

[Event "Caioba Telecom op"]
[Site "Caioba"]
[Date "2016.08.28"]
[Round "5"]
[White "Da Silva, Juliano Roberto Ner"]
[Black "Carstens Dobuchak, Thiago"]
[Result "0-1"]
[WhiteElo "1801"]
[BlackElo "2040"]
[PlyCount "86"]
[EventDate "2016.08.26"]
[EventType "swiss"]
[EventRounds "6"]
[EventCountry "BRA"]
[SourceTitle "CBM 174 Extra"]
[Source "ChessBase"]
[SourceDate "2016.10.10"]
[SourceVersion "1"]
[SourceVersionDate "2016.10.10"]
[SourceQuality "1"]

1. d4 Nf6 2. c4 g6 3. Nc3 Bg7 4. Nf3 0-0 5. Bg5 d6 6. e3 Nbd7 7. Be2 c6 8. Qc2 a6 9. a4 a5 10. h3 Qc7 11. 0-0 e5 12. Rfd1 exd4 13. Nxd4 Nc5 14. Rd2 Be6 15. Rad1 Rfd8 16. Bf4 Bf8 17. Nxe6 fxe6 18. Bf3 Rd7 19. Ne4 Nfxe4 20. Bxe4 e5 21. Bg3 Rf7 22. Rf1 Qb6 23. Bf3 Qb4 24. Rb1 Nxa4 25. Ra1 Nc5 26. Ra3 Ra6 27. Rd1 a4 28. Rda1 Bg7 29. R1a2 Rd7 30. e4 b5 31. Be2 Bh6 32. f3 Rb6 33. Kf1 Qd2 34. Qxd2 Bxd2 35. Bf2 Rb8 36. Bxc5 dxc5 37. Rd3 Rxd3 38. Bxd3 Be3 39. b3 axb3 40. Rb2 b4 41. Rxb3 Ra8 42. Ke2 Bd4 43. f4 Ra2+ 0-1

[Event "Curitiba op"]
[Site "Curitiba"]
[Date "2016.04.21"]
[Round "2"]
[White "Da Silva, Juliano Roberto Ner"]
[Black "Cadilhac, Igor Tokuichi Kikuc"]
[Result "0-1"]
[WhiteElo "1820"]
[BlackElo "2089"]
[PlyCount "76"]
[EventDate "2016.04.21"]
[EventType "swiss"]
[EventRounds "7"]
[EventCountry "BRA"]
[SourceTitle "CBM 172 Extra"]
[Source "ChessBase"]
[SourceDate "2016.06.21"]
[SourceVersion "1"]
[SourceVersionDate "2016.06.21"]
[SourceQuality "1"]

1. d4 Nf6 2. c4 e6 3. a3 d5 4. Nc3 b6 5. Bg5 Be7 6. Nf3 0-0 7. e3 h6 8. Bh4 Bb7 9. Bd3 c5 10. 0-0 Nbd7 11. cxd5 exd5 12. Rc1 Re8 13. h3 Ne4 14. Bxe7 Qxe7 15. Bb5 Red8 16. Bxd7 Rxd7 17. Ne2 Rc8 18. Qd3 Rdc7 19. dxc5 bxc5 20. Rfd1 Rd7 21. Nc3 Rcd8 22. Qb5 a6 23. Qa4 Nf6 24. Qf4 d4 25. exd4 Bxf3 26. Qxf3 cxd4 27. Ne2 d3 28. Ng3 d2 29. Rc2 Qe1+ 30. Kh2 Qe5 31. Qc3 Qf4 32. Kg1 Rd3 33. Qc7 Qd4 34. Qc5 Qf4 35. Qf5 Qa4 36. Qc5 Ne4 37. Nxe4 Qxe4 38. Kf1 Re8 0-1